000 00867nam a2200241Ia 4500
003 OSt
005 20220923223611.0
006 a|||||r|||| 00| 0
007 ta
008 220922b |||||||| |||| 00| 0 hin d
024 _a219,035
037 _cTextual
040 _aARTS
_cARTS
_bhin
041 _2hin
_ahin
082 _aV2y7M91, 152P3
100 _aरत्तू, नानक चंद; मजीद अहमद, संपा.
_9167517
245 0 _aअम्बेदकर जीवन के अंतिम कुछ वर्ष
246 _aAmbedakar jīvan ke aantim kuchh varṣha
260 _aदिल्ली
_b किताबघर
_c2003
300 _a315i`
_ccm.
942 _hV2y7M91, 152P3
_cTEXL
_2CC
999 _c366369
_d366369